000 00337nam a2200145Ia 4500
008 230605s1996 xx 000 0 und d
041 _aeng
100 _aJones
245 _aIntroduction to Hospatility operations
260 _bCassell
_c1996
300 _a262p
520 _aHard Board
520 _aReference Copy
650 _aHos.
999 _c420079
_d420079